|
|
|
|
| LEADER |
00751nam a22002172a 4500 |
| 001 |
000428147 |
| 003 |
CZ BrMZK |
| 005 |
19990307143423.0 |
| 008 |
990307s1977 xxu f eng d |
| 040 |
|
|
|a BOA001
|b cze
|
| 100 |
1 |
|
|a Dubisch, Roy
|
| 245 |
1 |
0 |
|a Basic concepts of mathematics for elementary teachers /
|c Roy Dubisch
|
| 250 |
|
|
|a 2. print
|
| 260 |
|
|
|a Reading (Massachusetts) :
|b Addison-Wesley Publishing Company,
|c 1977
|
| 300 |
|
|
|a 11, 463 s.
|
| 490 |
1 |
|
|a Addison-Wesley series in mathematics
|
| 830 |
|
0 |
|a Addison-Wesley series in mathematics
|
| 910 |
|
|
|a BOA001
|b PK-0084.351
|
| 964 |
|
|
|a Počty - metodiky - primary schools
|
| 990 |
|
|
|a BK
|
| 996 |
7 |
|
|b 3119826561
|c PK-0084.351
|l MZK
|r Sklad / do 1 hodiny
|n 1
|w 000428147
|u 000010
|a 1
|e BOA001
|j MZK50
|s A
|